UBT Library

Understanding health policy : (Record no. 40892)

000 -LEADER
fixed length control field 01097cas a2200349 a 4500
001 - CONTROL NUMBER
control field 11456884
005 - DATE AND TIME OF LATEST TRANSACTION
control field 20180125034038.0
008 - FIXED-LENGTH DATA ELEMENTS--GENERAL INFORMATION
fixed length control field 950206c19959999ctuhr 0 a0eng c
010 ## - LIBRARY OF CONGRESS CONTROL NUMBER
LC control number 95652989
Canceled/invalid LC control number sn 95007297
022 0# - INTERNATIONAL STANDARD SERIAL NUMBER
International Standard Serial Number 1080-9465
Source 1
035 ## - SYSTEM CONTROL NUMBER
System control number (OCoLC)ocm31944424
037 ## - SOURCE OF ACQUISITION
Source of stock number/acquisition Appleton & Lange, 25 Van Zant St., P.O. Box 5630, Norwalk, CT 06856
Terms of availability $26.00
040 ## - CATALOGING SOURCE
Original cataloging agency NSD
Language of cataloging eng
Transcribing agency NSD
Modifying agency DLC
-- OCLCQ
-- CUS
-- TULIB
-- IUL
-- OCLCF
-- OCLCO
-- OCLCQ
-- GZW
-- OCLCQ
-- CSA
041 ## - LANGUAGE CODE
Language code of text/sound track or separate title eng
042 ## - AUTHENTICATION CODE
Authentication code nsdp
-- pcc
043 ## - GEOGRAPHIC AREA CODE
Geographic area code n-us---
080 ## - UNIVERSAL DECIMAL CLASSIFICATION NUMBER
Universal Decimal Classification number 362.0973 tho
082 00 - DEWEY DECIMAL CLASSIFICATION NUMBER
Classification number 362.0973 tho
Edition number 20
100 ## - Rafti
Rafti 3
101 ## - Shkurtesa
Shkurtesa shm
210 0# - ABBREVIATED TITLE
Abbreviated title Underst. health policy
222 #0 - KEY TITLE
Key title Understanding health policy
245 00 - TITLE STATEMENT
Title Understanding health policy :
310 ## - CURRENT PUBLICATION FREQUENCY
Current publication frequency Triennial
362 0# - DATES OF PUBLICATION AND/OR SEQUENTIAL DESIGNATION
Dates of publication and/or sequential designation 1st ed.-
590 ## - LOCAL NOTE (RLIN)
Local note SERBIB/SERLOC merged record
776 08 - ADDITIONAL PHYSICAL FORM ENTRY
Display text Online version:
Title Understanding health policy (Online)
Record control number (OCoLC)252328404
906 ## - LOCAL DATA ELEMENT F, LDF (RLIN)
a 7
b cbc
c serials
d u
e ncip
f 19
g n-oclcserc
942 ## - ADDED ENTRY ELEMENTS (KOHA)
Source of classification or shelving scheme
Item type Books
Holdings
Withdrawn status Lost status Source of classification or shelving scheme Damaged status Not for loan Collection code Permanent location Current location Shelving location Date acquired Total Checkouts Full call number Barcode Date last seen Price effective from Koha item type
          Koleksioni i përgjithshem UBT - Lipjan UBT - Lipjan Koleksioni i përgjithshem 01/25/2018   362.0973 tho 002-2996492 01/25/2018 01/25/2018 Books
UBT Library © 2015-2024. All rights reserved University Education for Business and Technology